00227nam a2200073Ia 4500008004100000082000800041100002100049245008300070240331s9999 xx 000 0 und d bSAT aSattanathan, A.N 4aThe Dravidian movement in Tamil Nadu and it's legacy :bPeriyar E.V.Ramaswamy